<?xml version="1.0" encoding="UTF-8"?>
<collection xmlns="http://www.loc.gov/MARC21/slim">
 <record>
  <leader>04297cam a2200649 ca4500</leader>
  <controlfield tag="001">1166241602</controlfield>
  <controlfield tag="003">DE-627</controlfield>
  <controlfield tag="005">20260418134520.0</controlfield>
  <controlfield tag="007">tu</controlfield>
  <controlfield tag="008">020110m20022002xx |||||      00| ||ger c</controlfield>
  <datafield tag="016" ind1="7" ind2=" ">
   <subfield code="a">963330845</subfield>
   <subfield code="2">DE-101</subfield>
  </datafield>
  <datafield tag="020" ind1=" " ind2=" ">
   <subfield code="a">3631361378</subfield>
   <subfield code="9">3-631-36137-8</subfield>
  </datafield>
  <datafield tag="035" ind1=" " ind2=" ">
   <subfield code="a">(DE-627)1166241602</subfield>
  </datafield>
  <datafield tag="035" ind1=" " ind2=" ">
   <subfield code="a">(DE-576)096241608</subfield>
  </datafield>
  <datafield tag="035" ind1=" " ind2=" ">
   <subfield code="a">(DE-599)DNB963330845</subfield>
  </datafield>
  <datafield tag="035" ind1=" " ind2=" ">
   <subfield code="a">(OCoLC)76349170</subfield>
  </datafield>
  <datafield tag="040" ind1=" " ind2=" ">
   <subfield code="a">DE-627</subfield>
   <subfield code="b">ger</subfield>
   <subfield code="c">DE-627</subfield>
   <subfield code="e">rda</subfield>
  </datafield>
  <datafield tag="041" ind1=" " ind2=" ">
   <subfield code="a">ger</subfield>
   <subfield code="a">eng</subfield>
   <subfield code="a">fre</subfield>
   <subfield code="a">spa</subfield>
  </datafield>
  <datafield tag="082" ind1="0" ind2=" ">
   <subfield code="a">700.415</subfield>
  </datafield>
  <datafield tag="084" ind1=" " ind2=" ">
   <subfield code="a">52</subfield>
   <subfield code="a">53</subfield>
   <subfield code="2">sdnb</subfield>
  </datafield>
  <datafield tag="084" ind1=" " ind2=" ">
   <subfield code="a">LH 81400</subfield>
   <subfield code="2">rvk</subfield>
   <subfield code="0">(DE-625)rvk/95157:</subfield>
  </datafield>
  <datafield tag="084" ind1=" " ind2=" ">
   <subfield code="a">EC 7320</subfield>
   <subfield code="2">rvk</subfield>
   <subfield code="0">(DE-625)rvk/20791:</subfield>
  </datafield>
  <datafield tag="084" ind1=" " ind2=" ">
   <subfield code="a">NN 4430</subfield>
   <subfield code="2">rvk</subfield>
   <subfield code="0">(DE-625)rvk/126925:</subfield>
  </datafield>
  <datafield tag="084" ind1=" " ind2=" ">
   <subfield code="a">02.99</subfield>
   <subfield code="2">bkl</subfield>
  </datafield>
  <datafield tag="084" ind1=" " ind2=" ">
   <subfield code="a">20.20</subfield>
   <subfield code="2">bkl</subfield>
  </datafield>
  <datafield tag="084" ind1=" " ind2=" ">
   <subfield code="a">18.00</subfield>
   <subfield code="2">bkl</subfield>
  </datafield>
  <datafield tag="084" ind1=" " ind2=" ">
   <subfield code="a">17.84</subfield>
   <subfield code="2">bkl</subfield>
  </datafield>
  <datafield tag="111" ind1="2" ind2=" ">
   <subfield code="a">Polyvalenz und Multifunktionalität der Emblematik</subfield>
   <subfield code="g">Veranstaltung</subfield>
   <subfield code="d">1999</subfield>
   <subfield code="c">München</subfield>
   <subfield code="j">VerfasserIn</subfield>
   <subfield code="0">(DE-588)1228484007</subfield>
   <subfield code="0">(DE-627)1750369761</subfield>
   <subfield code="4">aut</subfield>
  </datafield>
  <datafield tag="245" ind1="1" ind2="0">
   <subfield code="a">Polyvalenz und Multifunktionalität der Emblematik</subfield>
   <subfield code="b">Akten des 5. Internationalen Kongresses der Society for Emblem Studies = Multivalence and multifunctionality of the emblem : proceedings of the 5th international conference of the Society for Emblem Studies</subfield>
   <subfield code="c">Wolfgang Harms/Dietmar Peil (Hrsg.) ; unter Mitarbeit von Michael Waltenberger</subfield>
  </datafield>
  <datafield tag="246" ind1="3" ind2="1">
   <subfield code="a">Multivalence and multifunctionality of the emblem</subfield>
   <subfield code="b">proceedings of the 5th international conference of the Society for Emblem Studies</subfield>
  </datafield>
  <datafield tag="264" ind1=" " ind2="1">
   <subfield code="a">Frankfurt am Main</subfield>
   <subfield code="a">Berlin</subfield>
   <subfield code="a">Bern</subfield>
   <subfield code="a">Bruxelles</subfield>
   <subfield code="a">New York</subfield>
   <subfield code="a">Oxford</subfield>
   <subfield code="a">Wien</subfield>
   <subfield code="b">Peter Lang</subfield>
   <subfield code="c">[2002]</subfield>
  </datafield>
  <datafield tag="336" ind1=" " ind2=" ">
   <subfield code="a">Text</subfield>
   <subfield code="b">txt</subfield>
   <subfield code="2">rdacontent</subfield>
  </datafield>
  <datafield tag="337" ind1=" " ind2=" ">
   <subfield code="a">ohne Hilfsmittel zu benutzen</subfield>
   <subfield code="b">n</subfield>
   <subfield code="2">rdamedia</subfield>
  </datafield>
  <datafield tag="338" ind1=" " ind2=" ">
   <subfield code="a">Band</subfield>
   <subfield code="b">nc</subfield>
   <subfield code="2">rdacarrier</subfield>
  </datafield>
  <datafield tag="490" ind1="0" ind2=" ">
   <subfield code="a">Mikrokosmos</subfield>
   <subfield code="v">65</subfield>
  </datafield>
  <datafield tag="546" ind1=" " ind2=" ">
   <subfield code="a">Beiträge teilweise deutsch, teilweise englisch, teilweise französisch, teilweise spanisch</subfield>
  </datafield>
  <datafield tag="655" ind1=" " ind2="7">
   <subfield code="a">Konferenzschrift</subfield>
   <subfield code="y">1999</subfield>
   <subfield code="z">München</subfield>
   <subfield code="0">(DE-588)1071861417</subfield>
   <subfield code="0">(DE-627)826484824</subfield>
   <subfield code="0">(DE-576)433375485</subfield>
   <subfield code="2">gnd-content</subfield>
  </datafield>
  <datafield tag="689" ind1="0" ind2="0">
   <subfield code="d">s</subfield>
   <subfield code="0">(DE-588)4014553-0</subfield>
   <subfield code="0">(DE-627)104501839</subfield>
   <subfield code="0">(DE-576)208908366</subfield>
   <subfield code="a">Emblem</subfield>
   <subfield code="2">gnd</subfield>
  </datafield>
  <datafield tag="689" ind1="0" ind2=" ">
   <subfield code="5">(DE-627)</subfield>
  </datafield>
  <datafield tag="700" ind1="1" ind2=" ">
   <subfield code="a">Harms, Wolfgang</subfield>
   <subfield code="d">1936-2021</subfield>
   <subfield code="e">HerausgeberIn</subfield>
   <subfield code="0">(DE-588)120372177</subfield>
   <subfield code="0">(DE-627)080633706</subfield>
   <subfield code="0">(DE-576)257423788</subfield>
   <subfield code="4">edt</subfield>
  </datafield>
  <datafield tag="700" ind1="1" ind2=" ">
   <subfield code="a">Peil, Dietmar</subfield>
   <subfield code="d">1943-2022</subfield>
   <subfield code="e">HerausgeberIn</subfield>
   <subfield code="0">(DE-588)1047134209</subfield>
   <subfield code="0">(DE-627)77763578X</subfield>
   <subfield code="0">(DE-576)400458071</subfield>
   <subfield code="4">edt</subfield>
  </datafield>
  <datafield tag="700" ind1="1" ind2=" ">
   <subfield code="a">Waltenberger, Michael</subfield>
   <subfield code="d">1967-</subfield>
   <subfield code="e">MitwirkendeR</subfield>
   <subfield code="0">(DE-588)121065065</subfield>
   <subfield code="0">(DE-627)081064071</subfield>
   <subfield code="0">(DE-576)29252434X</subfield>
   <subfield code="4">ctb</subfield>
  </datafield>
  <datafield tag="710" ind1="2" ind2=" ">
   <subfield code="a">Society for Emblem Studies</subfield>
   <subfield code="e">VeranstalterIn</subfield>
   <subfield code="0">(DE-588)5282537-1</subfield>
   <subfield code="0">(DE-627)244017042</subfield>
   <subfield code="0">(DE-576)196965268</subfield>
   <subfield code="4">orm</subfield>
  </datafield>
  <datafield tag="787" ind1="0" ind2="8">
   <subfield code="i">Rezensiert in</subfield>
   <subfield code="a">Imorde, Joseph, 1963 - </subfield>
   <subfield code="t">[Rezension von: Wolfgang Harms / Dietmar Peil (Hrsg.), Polyvalenz und Multifunktionalität in der Emblematik]</subfield>
   <subfield code="d">2004</subfield>
   <subfield code="w">(DE-627)1919826386</subfield>
  </datafield>
  <datafield tag="856" ind1="4" ind2="2">
   <subfield code="u">https://swbplus.bsz-bw.de/bsz096241608rez.htm</subfield>
   <subfield code="m">V:DE-576</subfield>
   <subfield code="v">2005-05-24</subfield>
   <subfield code="3">Rezension</subfield>
   <subfield code="7">1</subfield>
  </datafield>
  <datafield tag="856" ind1="4" ind2="2">
   <subfield code="u">http://www.sehepunkte.de/2004/02/1450.html</subfield>
   <subfield code="m">V:DE-576;X:Sehepunkte</subfield>
   <subfield code="q">text/html</subfield>
   <subfield code="v">20180424122846</subfield>
   <subfield code="3">Rezension</subfield>
   <subfield code="7">1</subfield>
  </datafield>
  <datafield tag="936" ind1="r" ind2="v">
   <subfield code="a">LH 81400</subfield>
   <subfield code="b">Allgemeine Literatur zur Emblematik</subfield>
   <subfield code="k">Kunstgeschichte</subfield>
   <subfield code="k">Allgemeines. Allgemeine Kunstgeschichte</subfield>
   <subfield code="k">Kunstgeschichte einzelner Gattungen der Kunst</subfield>
   <subfield code="k">Ikonographie, Ikonologie</subfield>
   <subfield code="k">Emblemata</subfield>
   <subfield code="k">Allgemeine Literatur zur Emblematik</subfield>
   <subfield code="0">(DE-627)1271119609</subfield>
   <subfield code="0">(DE-625)rvk/95157:</subfield>
   <subfield code="0">(DE-576)201119609</subfield>
  </datafield>
  <datafield tag="936" ind1="r" ind2="v">
   <subfield code="a">EC 7320</subfield>
   <subfield code="b">Emblem</subfield>
   <subfield code="k">Allgemeine und vergleichende Sprach- und Literaturwissenschaft. Indogermanistik. Außereuropäische Sprachen und Literaturen</subfield>
   <subfield code="k">Allgemeine und vergleichende Literaturwissenschaft.</subfield>
   <subfield code="k">Literaturgeschichte</subfield>
   <subfield code="k">Geschichte der Literaturgattungen (literarischen Gattungen)</subfield>
   <subfield code="k">Epik</subfield>
   <subfield code="k">Prosa</subfield>
   <subfield code="k">Einfache Formen  (Kleinformen)</subfield>
   <subfield code="k">Emblem</subfield>
   <subfield code="0">(DE-627)1270777882</subfield>
   <subfield code="0">(DE-625)rvk/20791:</subfield>
   <subfield code="0">(DE-576)200777882</subfield>
  </datafield>
  <datafield tag="936" ind1="r" ind2="v">
   <subfield code="a">NN 4430</subfield>
   <subfield code="b">Geistes- und Kulturgeschichte</subfield>
   <subfield code="k">Geschichte</subfield>
   <subfield code="k">Neuere Geschichte</subfield>
   <subfield code="k">Zeitalter des Absolutismus (1648 - 1789)</subfield>
   <subfield code="k">Allgemeines</subfield>
   <subfield code="k">Geistes- und Kulturgeschichte</subfield>
   <subfield code="0">(DE-627)1271466597</subfield>
   <subfield code="0">(DE-625)rvk/126925:</subfield>
   <subfield code="0">(DE-576)201466597</subfield>
  </datafield>
  <datafield tag="936" ind1="b" ind2="k">
   <subfield code="a">02.99</subfield>
   <subfield code="j">Wissenschaft und Kultur allgemein: Sonstiges</subfield>
   <subfield code="0">(DE-627)106403249</subfield>
  </datafield>
  <datafield tag="936" ind1="b" ind2="k">
   <subfield code="a">20.20</subfield>
   <subfield code="j">Ikonographie</subfield>
   <subfield code="0">(DE-627)106402692</subfield>
  </datafield>
  <datafield tag="936" ind1="b" ind2="k">
   <subfield code="a">18.00</subfield>
   <subfield code="j">Einzelne Sprachen und Literaturen allgemein</subfield>
   <subfield code="0">(DE-627)106405403</subfield>
  </datafield>
  <datafield tag="936" ind1="b" ind2="k">
   <subfield code="a">17.84</subfield>
   <subfield code="j">Sonstige literarische Gattungen</subfield>
   <subfield code="0">(DE-627)181571692</subfield>
  </datafield>
  <datafield tag="951" ind1=" " ind2=" ">
   <subfield code="a">MC</subfield>
  </datafield>
  <datafield tag="990" ind1=" " ind2=" ">
   <subfield code="a">Emblem</subfield>
  </datafield>
  <datafield tag="991" ind1=" " ind2=" ">
   <subfield code="a">Rezensiertes Werk</subfield>
  </datafield>
  <datafield tag="999" ind1=" " ind2=" ">
   <subfield code="a">KXP-PPN1166241602</subfield>
   <subfield code="e">4986074881</subfield>
  </datafield>
 </record>
</collection>
